01499nam a2200349 a 4500001001000000003000500010005001700015008004100032010001100073011001100084040000900095090001000104100003400114245012100148260004100269500006000310502011000370590003700480590004000517590004000557650005400597650005400651650005000705856001600755856007000771901000700841942001000848942000600858999001900864952013100883952013501014000114674CHAP20250923085630.0180319s2017 mx |sm |||||||spa d a111135 a112107 cCHAP aTesis1 aCastillo Cano, Isrrael92009610aLa UGOCM-DEMOCRÁTICA: Estrategias de gestión para el desarrollo socialh[En línea]cpor Isrrael Castillo Cano. aChapingo, Méx. :bEl autor,c2017. aPara ver el contenido del material haga clic en la liga aTesis (M. C. en Gestión del Desarrollo Rural) -- UACH. Dirección de Centros Regionales Universitarios aBATCHb00c20181121lUCH01h0759 aE6337LMJb05c20180319lUCH01h0920 aE6337LMJb05c20180319lUCH01h092114aCampesinadoxAspectos socialeszMéxico.913477314aCampesinadoxEstrategias administrativas.913490312aProgramas de desarrolloxEvaluación9133614 a1 n0001397 aFinding aiduhttp://10.13.5.2/tesis/sist114674.pdfzTeclea aquí aBK cTESIS n0 c111135d111135 00104054718TESISaBCbBCd2018-03-19fTESISl0oTesisp114675-10r2019-12-31 00:00:00w2019-12-31yTESISzRecien adquirido 00102local4053708TESISaBCbBCcPA_TESISd2018-03-19fTESISl0oTesisp114675-20r2019-12-31 00:00:00tc.2w2019-12-31yTESIS